Lengyel-magyar két jó barát, avagy a jogklinika programok összehasonlító elemzése
Elmentve itt :
| Szerző: | |
|---|---|
| Dokumentumtípus: | Könyv része |
| Megjelent: |
Szegedi Tudományegyetem Állam- és Jogtudományi Doktori Iskola
Szeged
2018
|
| Sorozat: | Szegedi Jogász Doktorandusz konferenciák
Jog és kultúra |
| mtmt: | 30324086 |
| Online Access: | http://publicatio.bibl.u-szeged.hu/20838 |
| LEADER | 00778naa a2200205 i 4500 | ||
|---|---|---|---|
| 001 | publ20838 | ||
| 005 | 20210305115354.0 | ||
| 008 | 210305s2018 hu o 0|| zxx d | ||
| 020 | |a 9789633066249 | ||
| 024 | 7 | |a 30324086 |2 mtmt | |
| 040 | |a SZTE Publicatio Repozitórium |b hun | ||
| 041 | |a zxx | ||
| 100 | 1 | |a Kálmán Renáta | |
| 245 | 1 | 0 | |a Lengyel-magyar két jó barát, avagy a jogklinika programok összehasonlító elemzése |h [elektronikus dokumentum] / |c Kálmán Renáta |
| 260 | |a Szegedi Tudományegyetem Állam- és Jogtudományi Doktori Iskola |b Szeged |c 2018 | ||
| 300 | |a 12 | ||
| 300 | |a 41-52 | ||
| 490 | 0 | |a Szegedi Jogász Doktorandusz konferenciák | |
| 490 | 0 | |a Jog és kultúra | |
| 856 | 4 | 0 | |u http://publicatio.bibl.u-szeged.hu/20838/1/KR_JogesKultura.pdf |z Dokumentum-elérés |